000 01103cam a2200325 a 4500
005 20260322212014.0
008 data
010 _a 2006020676
020 _a1426300190
020 _a9781426300196
020 _a1426300182 (hardcover)
020 _a9781426300189 (hardcover)
040 _aDLC
_cDLC
_dDLC
_dBAKER
_dBTCTA
_dDOV
_dWIQ
_dVP@
_dDLC
042 _alcac
050 0 0 _aBM695.P3
_bH374 2007
082 0 0 _a296.4/37
_222
092 _a296.4 H374 2007
100 1 _aHeiligman, Deborah.
245 1 0 _aCelebrate Passover /
_cDeborah Heiligman.
246 3 4 _aCelebrate Passover with matzah, maror, and memories.
260 _aWashington, D.C. :
_bNational Geographic,
_cc2007.
300 _a32 p. :
_bcol. ill., col. map ;
_c27 cm.
490 1 _aHolidays around the world
504 _aIncludes bibliographical references (p. 29).
650 0 _aPassover
_vJuvenile literature.
650 1 _aPassover.
830 0 _aHolidays around the world (National Geographic Society (U.S.))
856 4 2 _3Publisher description
_uhttp://www.loc.gov/catdir/enhancements/fy0738/2006020676-d.html
001 data
999 _c308
_d308